Aktuálne udalosti zo svetového hospodárstva a ich vplyv na expanziu podniku diplomová práca

Na minha lista:
Detalhes bibliográficos
Autor principal: Naďová, Ingrid
Autor Corporativo: Fakulta podnikového manažmentu EU. Katedra manažmentu
Outros Autores: Procházková, Katarína, 1983-
Formato: Livro
Idioma:eslovaco
Publicado em: Bratislava 2022
Tags: Adicionar Tag
Sem tags, seja o primeiro a adicionar uma tag!

MARC

LEADER 00000nbm a2200000 4500
001 0285313
005 20230323100713.4
041 0 |a slo 
044 |a SK 
245 1 0 |a Aktuálne udalosti zo svetového hospodárstva a ich vplyv na expanziu podniku  |b diplomová práca  |c Ingrid Naďová ; školiteľ: Katarína Procházková 
264 1 |a Bratislava  |c 2022 
300 |a 93 s. 
100 1 |a Naďová, Ingrid 
700 1 |a Procházková, Katarína, 1983- 
710 2 |a Fakulta podnikového manažmentu EU. Katedra manažmentu